Miasta województwa kujawsko-pomorskiego (dawne nazwy) - Statystyki

Ogólne statystyki
  • Ten quiz został rozwiązany 92 razy
  • Średni wynik to 8 z 16
Statystyki odpowiedzi
Niemiecka: Polska: % Poprawnych
Bromberg Bydgoszcz
98%
Thorn Toruń
94%
Graudenz Grudziądz
81%
Nakel an der Netze Nakło nad Notecią
79%
Tuchel Tuchola
71%
Pakosch Pakość
59%
Schwetz Świecie
59%
Kulm Chełmno
58%
Strasburg an der Drewenz Brodnica
49%
Zempelburg Sępólno Krajeńskie
35%
Vandsburg Więcbork
23%
Schönsee Kowalewo Pomorskie
20%
Nessau Nieszawa
16%
Argenau Gniewkowo
14%
Mühlental Izbica Kujawska
13%
Rehden Radzyń Chełmiński
13%
Nie znaleziono quizów pasujących do podanych kryteriów
Rozkład punktacji
Procent ludzi z każdym wynikiem
Percentyl według liczby udzielonych odpowiedzi
Twoja historia wyników
Nie rozwiązałeś tego quizu